[Event "ENCI Limburg-open A"]
[Site "Maastricht"]
[Date "2008.05.12"]
[Round "6"]
[White "Hazenberg, Frans"]
[Black "Bus, Tom"]
[Result "0-1"]
[WhiteElo "1986"]
[BlackElo "2252"]
[PlyCount "49"]
[EventDate "2008.05.09"]
[EventType "swiss"]
[EventRounds "7"]
[EventCountry "NED"]
[Source "P.Boonen"]
[SourceDate "2010.01.01"]

1. e4 c5 2. Nf3 Nc6 3. d4 cxd4 4. Nxd4 Nf6 5. Nc3 d6 6. Bc4 Qb6 7. Nxc6 bxc6 8.
Bb3 g6 9. Be3 Qa5 10. f3 Bg7 11. Qd2 Nd7 12. Bd4 Bxd4 13. Qxd4 Qe5 14. Qc4 O-O
15. Qxc6 Nb6 16. Qb5 Qxb5 17. Nxb5 Bd7 18. Nc3 a5 19. Nd5 Nxd5 20. Bxd5 Rab8
21. a4 Rfc8 22. Bb3 Be6 23. Ra3 Bxb3 24. Rxb3 Rxb3 25. cxb3 0-1

[Event "ENCI Limburg-open A"]
[Site "Maastricht"]
[Date "2008.05.12"]
[Round "6"]
[White "Held, Benjamin"]
[Black "Nijs, Nils"]
[Result "0-1"]
[WhiteElo "1856"]
[BlackElo "2101"]
[PlyCount "100"]
[EventDate "2008.05.09"]
[EventType "swiss"]
[EventRounds "7"]
[EventCountry "NED"]
[Source "P.Boonen"]
[SourceDate "2010.01.01"]

1. e4 c5 2. Nf3 d6 3. d4 cxd4 4. Nxd4 Nf6 5. Nc3 g6 6. Bg5 Bg7 7. Qd2 h6 8. Bh4
g5 9. Bg3 Nc6 10. Nf5 Bxf5 11. exf5 Qa5 12. Bd3 Nh5 13. O-O Nxg3 14. hxg3 O-O
15. Rab1 d5 16. b4 Qd8 17. f6 Bxf6 18. Nxd5 Bg7 19. Rfd1 e6 20. Ne3 Ne5 21. c4
Qc7 22. Qc2 Rfd8 23. c5 a5 24. a3 Nc6 25. Be4 Nd4 26. Qc4 axb4 27. axb4 Ra3 28.
b5 Rc3 29. Qb4 Ne2+ 30. Kh2 Rxd1 31. Nxd1 Rxc5 32. Bf3 Nd4 33. b6 Nxf3+ 34.
gxf3 Qc6 35. Ne3 Rc3 36. Qe4 Qxe4 37. fxe4 Bd4 38. Nd1 Rc6 39. Kg2 Rxb6 40.
Rxb6 Bxb6 41. Nc3 Bc5 42. f3 Kg7 43. Kf1 h5 44. Ke2 Kf6 45. f4 g4 46. e5+ Kg6
47. Ne4 Be7 48. Ke3 b5 49. Kd4 b4 50. Kc4 h4 0-1

[Event "ENCI Limburg-open A"]
[Site "Maastricht"]
[Date "2008.05.12"]
[Round "6"]
[White "Holscher, Peter"]
[Black "Konings, Frans"]
[Result "0-1"]
[WhiteElo "2072"]
[BlackElo "2262"]
[PlyCount "116"]
[EventDate "2008.05.09"]
[EventType "swiss"]
[EventRounds "7"]
[EventCountry "NED"]
[Source "P.Boonen"]
[SourceDate "2010.01.01"]

1. d4 d5 2. Nf3 Nf6 3. c4 c6 4. Nbd2 a6 5. g3 Bf5 6. Bg2 e6 7. O-O h6 8. b3
Nbd7 9. Bb2 Be7 10. Ne5 O-O 11. Ndf3 Be4 12. Bh3 a5 13. Nxd7 Nxd7 14. Qd2 a4
15. c5 b6 16. b4 bxc5 17. dxc5 Bxf3 18. exf3 Bf6 19. a3 Nb8 20. Rfe1 Na6 21.
Be5 Bxe5 22. Rxe5 Nc7 23. Bf1 f6 24. Ree1 e5 25. f4 e4 26. f5 Qd7 27. Qf4 Rfe8
28. Rad1 Rad8 29. Rd4 Re5 30. g4 g5 31. Qg3 h5 32. h3 Qh7 33. Re3 Rd7 34. f3
Qe7 35. f4 gxf4 36. Qxf4 Qg7 37. Rg3 h4 38. Re3 Kh7 39. Re1 Qh6 40. Qxh6+ Kxh6
41. Kf2 Kg5 42. Ke3 Rd8 43. Red1 Rg8 44. Be2 Rxf5 45. gxf5 Kxf5 46. Bg4+ Ke5
47. Bd7 Nb5 48. R4d2 d4+ 49. Ke2 Nc3+ 50. Ke1 e3 51. Kf1 exd2 52. Rxd2 Ne4 53.
Rd3 Kd5 54. Rd1 Rg3 55. b5 cxb5 56. c6 Rc3 57. c7 Rxc7 58. Bxb5 Nc3 0-1

[Event "ENCI Limburg-open A"]
[Site "Maastricht"]
[Date "2008.05.12"]
[Round "6"]
[White "Huppertz, Andrea"]
[Black "Hahn, Gerard"]
[Result "1-0"]
[WhiteElo "1839"]
[BlackElo "1993"]
[PlyCount "71"]
[EventDate "2008.05.09"]
[EventType "swiss"]
[EventRounds "7"]
[EventCountry "NED"]
[Source "P.Boonen"]
[SourceDate "2010.01.01"]

1. d4 Nf6 2. Bf4 e6 3. e3 d5 4. c3 c5 5. Bd3 Nc6 6. Nd2 Be7 7. h3 O-O 8. Ngf3
cxd4 9. exd4 a6 10. Ne5 Nxe5 11. dxe5 Nd7 12. h4 f5 13. Nf3 Nc5 14. h5 Qb6 15.
Rb1 Ne4 16. Be3 Bc5 17. Bxc5 Qxc5 18. Qc2 Qc7 19. h6 g6 20. c4 dxc4 21. Qxc4
Qxc4 22. Bxc4 b5 23. Bb3 Nc5 24. Nd4 Nd3+ 25. Ke2 Nxe5 26. Nxe6 Bxe6 27. Bxe6+
Nf7 28. Kf3 Rfe8 29. Bb3 Kf8 30. Bxf7 Kxf7 31. Rhe1 g5 32. Rbc1 Rxe1 33. Rxe1
Re8 34. Rxe8 Kxe8 35. g4 f4 36. Ke4 1-0

[Event "ENCI Limburg-open A"]
[Site "Maastricht"]
[Date "2008.05.12"]
[Round "6"]
[White "Jones, Gawain C"]
[Black "Wang, Puchen"]
[Result "1-0"]
[WhiteElo "2522"]
[BlackElo "2397"]
[PlyCount "45"]
[EventDate "2008.05.09"]
[EventType "swiss"]
[EventRounds "7"]
[EventCountry "NED"]
[Source "P.Boonen"]
[SourceDate "2010.01.01"]

1. e4 d5 2. exd5 Qxd5 3. Nc3 Qa5 4. d4 Nf6 5. Nf3 Bf5 6. Bc4 c6 7. Bd2 e6 8.
Nd5 Qd8 9. Nxf6+ Qxf6 10. Qe2 Nd7 11. O-O-O Nb6 12. Bg5 Qg6 13. d5 Nxc4 14.
Qxc4 exd5 15. Rhe1+ Be6 16. Rxd5 Be7 17. Bxe7 cxd5 18. Qb4 Rc8 19. c3 Qg4 20.
Qd6 Qa4 21. Rxe6 fxe6 22. Ne5 Qb5 23. Bh4 1-0

[Event "ENCI Limburg-open A"]
[Site "Maastricht"]
[Date "2008.05.12"]
[Round "6"]
[White "Kalla, Christian"]
[Black "Van der Zwet, Bart"]
[Result "0-1"]
[WhiteElo "1964"]
[BlackElo "2057"]
[PlyCount "94"]
[EventDate "2008.05.09"]
[EventType "swiss"]
[EventRounds "7"]
[EventCountry "NED"]
[Source "P.Boonen"]
[SourceDate "2010.01.01"]

1. e4 c5 2. Nc3 Nc6 3. f4 g6 4. Nf3 Bg7 5. Bc4 d6 6. O-O e6 7. Qe2 Nge7 8. f5
gxf5 9. d3 h6 10. Nh4 Ng6 11. Nxg6 fxg6 12. exf5 Nd4 13. Qg4 O-O 14. Qxg6 Rf6
15. Qg4 Nxc2 16. Ne4 d5 17. Nxf6+ Qxf6 18. fxe6 Qd4+ 19. Qxd4 Bxd4+ 20. Kh1
Bxe6 21. Bxh6 Nxa1 22. Rxa1 dxc4 23. Re1 Kf7 24. dxc4 Bxc4 25. b3 Bd5 26. Bg5
Re8 27. Rf1+ Kg6 28. h4 Re2 29. Rf8 Bxg2+ 30. Kh2 Be5+ 31. Bf4 Bxf4+ 32. Rxf4
Bc6+ 33. Kg3 Rg2+ 34. Kh3 Rxa2 35. Rc4 b6 36. b4 Ra4 37. Rg4+ Kf5 38. Rg5+ Ke6
39. bxc5 b5 40. h5 Rf4 41. h6 Rf6 42. Rh5 Rf8 43. Kg3 Be4 44. Rg5 Rf6 45. Rg7
Rg6+ 46. Kf4 Rxg7 47. hxg7 Bh7 0-1

[Event "ENCI Limburg-open A"]
[Site "Maastricht"]
[Date "2008.05.12"]
[Round "6"]
[White "Klimov, Sergey"]
[Black "Kotronias, Vasilios"]
[Result "1-0"]
[WhiteElo "2484"]
[BlackElo "2611"]
[PlyCount "56"]
[EventDate "2008.05.09"]
[EventType "swiss"]
[EventRounds "7"]
[EventCountry "NED"]
[Source "P.Boonen"]
[SourceDate "2010.01.01"]

1. e4 c5 2. Nf3 Nc6 3. d4 cxd4 4. Nxd4 Nf6 5. Nc3 d6 6. Bg5 e6 7. Qd2 Be7 8.
O-O-O a6 9. f4 Nxd4 10. Qxd4 b5 11. Be2 Bb7 12. Bf3 Rc8 13. Rhe1 Qc7 14. e5
dxe5 15. fxe5 Bc5 16. Qd3 Nd7 17. Bxb7 Qxb7 18. Ne4 Qc7 19. Re2 h6 20. Bh4 Nxe5
21. Qc3 Nd7 22. Qxg7 Qf4+ 23. Kb1 Rf8 24. Bg3 Qf5 25. Bd6 Rc6 26. Bxf8 Bxf8 27.
Qd4 e5 28. Qd5 Qe6 1-0

[Event "ENCI Limburg-open A"]
[Site "Maastricht"]
[Date "2008.05.12"]
[Round "6"]
[White "Konijn, Rob"]
[Black "Boulahfa, Hicham"]
[Result "0-1"]
[WhiteElo "2124"]
[BlackElo "2000"]
[PlyCount "50"]
[EventDate "2008.05.09"]
[EventType "swiss"]
[EventRounds "7"]
[EventCountry "NED"]
[Source "P.Boonen"]
[SourceDate "2010.01.01"]

1. e4 c5 2. Nf3 d6 3. d4 cxd4 4. Nxd4 Nf6 5. Nc3 a6 6. Bg5 e6 7. f4 Qb6 8. Nb3
Be7 9. Qf3 Nbd7 10. Bd3 Qc7 11. O-O-O b5 12. a3 Rb8 13. Qh3 b4 14. axb4 Rxb4
15. g4 Bb7 16. Rhe1 Nc5 17. Nxc5 dxc5 18. e5 Nd5 19. Nxd5 Bxd5 20. Bxe7 Qxe7
21. f5 Qb7 22. b3 c4 23. Bxc4 Bxc4 24. bxc4 O-O 25. Rd4 Rb1+ 0-1

[Event "ENCI Limburg-open A"]
[Site "Maastricht"]
[Date "2008.05.12"]
[Round "6"]
[White "Laarhoven, Thijs"]
[Black "Dahmen, Christoph"]
[Result "1-0"]
[WhiteElo "2193"]
[BlackElo "2077"]
[PlyCount "45"]
[EventDate "2008.05.09"]
[EventType "swiss"]
[EventRounds "7"]
[EventCountry "NED"]
[Source "P.Boonen"]
[SourceDate "2010.01.01"]

1. c4 Nf6 2. g3 g6 3. Bg2 Bg7 4. Nc3 O-O 5. e3 e5 6. Nge2 d6 7. O-O c6 8. d4
exd4 9. Nxd4 Be6 10. Nxe6 fxe6 11. e4 Qc7 12. Be3 Nbd7 13. Qe2 e5 14. Rfd1 Rad8
15. b4 Rf7 16. c5 dxc5 17. bxc5 Bf8 18. Qc4 Ng4 19. Bg5 Re8 20. Bh3 Nxf2 21.
Bxd7 Bxc5 22. Qxc5 Nxd1 23. Bxe8 1-0

[Event "ENCI Limburg-open A"]
[Site "Maastricht"]
[Date "2008.05.12"]
[Round "6"]
[White "Lafosse, Jimmy"]
[Black "Friesen, Boris"]
[Result "0-1"]
[WhiteElo "1956"]
[BlackElo "2129"]
[PlyCount "74"]
[EventDate "2008.05.09"]
[EventType "swiss"]
[EventRounds "7"]
[EventCountry "NED"]
[Source "P.Boonen"]
[SourceDate "2010.01.01"]

1. Nf3 Nf6 2. c4 g6 3. d4 Bg7 4. Nc3 d5 5. Qb3 dxc4 6. Qxc4 O-O 7. e4 Na6 8. e5
Nd7 9. e6 fxe6 10. Qxe6+ Kh8 11. Bxa6 bxa6 12. Qd5 Nb6 13. Qxd8 Rxd8 14. Bf4
Bb7 15. O-O-O Bxf3 16. gxf3 Rxd4 17. Bxc7 Rc8 18. Bxb6 axb6 19. Kb1 Rxd1+ 20.
Rxd1 Bxc3 21. Rc1 Kg7 22. bxc3 Kf6 23. Kc2 Rc4 24. Rb1 b5 25. Rb4 Rxb4 26. cxb4
Ke5 27. Kd3 Kf4 28. Kd4 Kxf3 29. Kc5 Kxf2 30. Kb6 e5 31. Kxa6 e4 32. Kxb5 e3
33. a4 e2 34. a5 e1=Q 35. a6 Qe5+ 36. Kb6 Qb8+ 37. Ka5 Qc7+ 0-1

[Event "ENCI Limburg-open A"]
[Site "Maastricht"]
[Date "2008.05.12"]
[Round "6"]
[White "Larmuseau, Michiel"]
[Black "Broekmeulen, Joris"]
[Result "1-0"]
[WhiteElo "1952"]
[BlackElo "1862"]
[PlyCount "81"]
[EventDate "2008.05.09"]
[EventType "swiss"]
[EventRounds "7"]
[EventCountry "NED"]
[Source "P.Boonen"]
[SourceDate "2010.01.01"]

1. e4 c5 2. Nc3 Nc6 3. f4 d6 4. Nf3 g6 5. Bb5 Bg7 6. Bxc6+ bxc6 7. O-O e6 8. d3
Ne7 9. Qe1 O-O 10. Qh4 f5 11. e5 dxe5 12. fxe5 Nd5 13. Bg5 Qc7 14. Rfe1 Re8 15.
Na4 Rb8 16. b3 Bf8 17. Qf2 h6 18. Bc1 Qe7 19. Nd2 Ba6 20. Nf1 Nb6 21. Nb2 Bg7
22. Nd2 Qc7 23. Qe2 Rbd8 24. Nbc4 Bxc4 25. bxc4 Nd7 26. Bb2 Rb8 27. Nb3 Kh7 28.
Qe3 g5 29. Bc3 f4 30. Qe4+ Kg8 31. Nd2 Rf8 32. Qg6 Rbe8 33. Ne4 Nxe5 34. Nf6+
Rxf6 35. Qxe8+ Rf8 36. Qxe6+ Nf7 37. Bxg7 Kxg7 38. Rab1 f3 39. gxf3 Qf4 40. Rb7
Qd4+ 41. Kg2 1-0

[Event "ENCI Limburg-open A"]
[Site "Maastricht"]
[Date "2008.05.12"]
[Round "6"]
[White "Leenaerts, Robin"]
[Black "Goes, Dirk"]
[Result "1/2-1/2"]
[WhiteElo "2153"]
[BlackElo "1972"]
[PlyCount "110"]
[EventDate "2008.05.09"]
[EventType "swiss"]
[EventRounds "7"]
[EventCountry "NED"]
[Source "P.Boonen"]
[SourceDate "2010.01.01"]

1. e4 Nf6 2. e5 Nd5 3. d4 d6 4. Nf3 dxe5 5. Nxe5 c6 6. Bc4 Be6 7. Bb3 Nd7 8.
Nf3 Bg4 9. c4 N5f6 10. h3 Bxf3 11. Qxf3 e5 12. Be3 exd4 13. Bxd4 Bc5 14. Qe3+
Qe7 15. Qxe7+ Kxe7 16. Bxc5+ Nxc5 17. Bc2 a5 18. Nd2 Rhe8 19. O-O-O Kf8 20.
Rhe1 Rxe1 21. Rxe1 Re8 22. Kd1 Rxe1+ 23. Kxe1 Ke7 24. Ke2 Kd6 25. Ke3 Ne6 26.
Bf5 Ke5 27. g4 c5 28. f4+ Kd6 29. g5 Nd7 30. a4 g6 31. Ne4+ Ke7 32. Bxe6 Kxe6
33. Kf3 b6 34. Nc3 f5 35. Nd5 Kd6 36. h4 Ke6 37. h5 Kd6 38. Kg3 Ke6 39. Kh4 Kf7
40. Kg3 Ke6 41. Nc3 Kf7 42. Nb5 Ke6 43. Nc7+ Ke7 44. Nd5+ Ke6 45. Nc3 Ke7 46.
Nb5 Ke6 47. Nc7+ Ke7 48. Nd5+ Ke6 49. Ne3 Nb8 50. Nd1 Nd7 51. Nc3 Ke7 52. Nd5+
Ke6 53. Ne3 Nb8 54. Nd5 Nd7 55. Nc3 Ke7 1/2-1/2

[Event "ENCI Limburg-open A"]
[Site "Maastricht"]
[Date "2008.05.12"]
[Round "6"]
[White "Leentjens, Gilbert"]
[Black "Aben, Paul"]
[Result "1-0"]
[WhiteElo "1849"]
[BlackElo "1939"]
[PlyCount "80"]
[EventDate "2008.05.09"]
[EventType "swiss"]
[EventRounds "7"]
[EventCountry "NED"]
[Source "P.Boonen"]
[SourceDate "2010.01.01"]

1. e4 c6 2. d4 d5 3. e5 c5 4. Bb5+ Bd7 5. Bxd7+ Nxd7 6. Be3 e6 7. Nf3 Ne7 8. c3
Nc6 9. a3 a5 10. O-O Be7 11. Re1 O-O 12. Nbd2 a4 13. c4 dxc4 14. Nxc4 b5 15.
Ncd2 cxd4 16. Bxd4 Nxd4 17. Nxd4 Qb6 18. N4f3 Rfd8 19. Qe2 Nc5 20. Ne4 Rd5 21.
Nc3 Rd3 22. Rad1 Rad8 23. Rxd3 Rxd3 24. Rc1 Qd8 25. Nxb5 Nb3 26. Rf1 g5 27. Nd6
Nc5 28. Rd1 Rxd1+ 29. Qxd1 Ne4 30. Qxa4 Nxd6 31. exd6 Qxd6 32. h3 Kg7 33. Qc2
Bf6 34. b4 h5 35. Qd2 Qa6 36. Qe3 g4 37. hxg4 hxg4 38. Ne5 Qa4 39. Nxg4 Qd1+
40. Kh2 Qxg4 1-0

[Event "ENCI Limburg-open A"]
[Site "Maastricht"]
[Date "2008.05.12"]
[Round "6"]
[White "Lehaen, Frank"]
[Black "Carcan, Stephane"]
[Result "0-1"]
[WhiteElo "1931"]
[BlackElo "2047"]
[PlyCount "70"]
[EventDate "2008.05.09"]
[EventType "swiss"]
[EventRounds "7"]
[EventCountry "NED"]
[Source "P.Boonen"]
[SourceDate "2010.01.01"]

1. d4 d6 2. Nf3 g6 3. g3 Bg7 4. Bg2 Nf6 5. O-O O-O 6. c4 Nbd7 7. Nc3 e5 8. e4
c6 9. h3 exd4 10. Nxd4 Re8 11. Qc2 a6 12. Rd1 Rb8 13. Bf4 Qc7 14. c5 Nxc5 15.
Nf5 gxf5 16. Bxd6 Qb6 17. Bxb8 fxe4 18. Bf4 Nd3 19. Nxe4 Nxf4 20. gxf4 Nxe4 21.
Bxe4 Qxb2 22. Bxh7+ Kh8 23. Qxb2 Bxb2 24. Rab1 Bf6 25. Bd3 Rd8 26. Bc4 Rxd1+
27. Rxd1 Kg7 28. Kg2 b5 29. Be2 Be6 30. Bf3 Bxa2 31. Bxc6 b4 32. Bd5 Bxd5+ 33.
Rxd5 b3 34. Kf3 b2 35. Rd1 a5 0-1

[Event "ENCI Limburg-open A"]
[Site "Maastricht"]
[Date "2008.05.12"]
[Round "6"]
[White "Lentjes, Noud"]
[Black "Daces, Philippe"]
[Result "0-1"]
[WhiteElo "1899"]
[BlackElo "2032"]
[PlyCount "98"]
[EventDate "2008.05.09"]
[EventType "swiss"]
[EventRounds "7"]
[EventCountry "NED"]
[Source "P.Boonen"]
[SourceDate "2010.01.01"]

1. e4 c5 2. Nf3 e6 3. c3 Nf6 4. e5 Nd5 5. d4 cxd4 6. cxd4 d6 7. exd6 Bxd6 8.
Nc3 O-O 9. Bc4 Nxc3 10. bxc3 Qc7 11. Bb3 Qxc3+ 12. Bd2 Qc7 13. Bc2 Nd7 14. Rc1
Qd8 15. Ng5 Nf6 16. Qe2 e5 17. d5 Re8 18. Ne4 Nxe4 19. Bxe4 f5 20. Bc2 Bd7 21.
Qh5 Qf6 22. Bg5 Qg6 23. Qxg6 hxg6 24. Bb3 Rac8 25. Ke2 b6 26. Rxc8 Rxc8 27. Rc1
Bb5+ 28. Kd2 Rxc1 29. Kxc1 Kf8 30. Kd2 Be7 31. Bxe7+ Kxe7 32. Ke3 Kd6 33. f4
Bf1 34. fxe5+ Kxe5 35. d6 Kxd6 36. Bf7 Ke5 37. Kf2 Kf6 38. Bb3 Bb5 39. h4 a5
40. Ke3 g5 41. hxg5+ Kxg5 42. g3 Kg4 43. Kf2 f4 44. Be6+ Kg5 45. Kf3 Kf6 46.
Bd5 Ke5 47. Bb7 fxg3 48. Kxg3 Bc4 49. a4 Bb3 0-1

[Event "ENCI Limburg-open A"]
[Site "Maastricht"]
[Date "2008.05.12"]
[Round "6"]
[White "Magnussen, Helge"]
[Black "Heirich, Andreas"]
[Result "1-0"]
[WhiteElo "2039"]
[BlackElo "1910"]
[PlyCount "81"]
[EventDate "2008.05.09"]
[EventType "swiss"]
[EventRounds "7"]
[EventCountry "NED"]
[Source "P.Boonen"]
[SourceDate "2010.01.01"]

1. d4 Nf6 2. c4 g6 3. Nc3 Bg7 4. e4 d6 5. g3 O-O 6. Bg2 c6 7. Nge2 e5 8. O-O
Nbd7 9. h3 Nb6 10. b3 Qc7 11. Bb2 Bd7 12. Qc2 Qc8 13. dxe5 dxe5 14. c5 Bxh3 15.
cxb6 Bxg2 16. Kxg2 axb6 17. f3 Rd8 18. Rad1 Qc7 19. Nc1 h5 20. Rxd8+ Rxd8 21.
Rd1 Rxd1 22. Nxd1 Qe7 23. Ne3 b5 24. Nd3 Nd7 25. Bc3 h4 26. g4 Bh6 27. Nd1 f5
28. N1f2 Be3 29. Bd2 Bxf2 30. Nxf2 f4 31. Nd3 Kf7 32. Bb4 Qd8 33. Nc5 Nxc5 34.
Qxc5 g5 35. Qd6 Qb6 36. Qe7+ Kg6 37. Qe6+ Kg7 38. Qxe5+ Kf7 39. Qe7+ Kg6 40.
Qe8+ Kf6 41. Bc3+ 1-0

[Event "ENCI Limburg-open A"]
[Site "Maastricht"]
[Date "2008.05.12"]
[Round "6"]
[White "Memeti, Kastriot"]
[Black "Bomans, Arno"]
[Result "1-0"]
[WhiteElo "2173"]
[BlackElo "1955"]
[PlyCount "62"]
[EventDate "2008.05.09"]
[EventType "swiss"]
[EventRounds "7"]
[EventCountry "NED"]
[Source "P.Boonen"]
[SourceDate "2010.01.01"]

1. d4 Nf6 2. Nf3 g6 3. Bf4 Bg7 4. e3 d6 5. h3 Nbd7 6. Be2 O-O 7. O-O c5 8. c3
b6 9. a4 a6 10. Nbd2 Bb7 11. Bh2 h6 12. Re1 Kh8 13. Bd3 Ne8 14. Qe2 e6 15. b4
f5 16. bxc5 bxc5 17. Reb1 Qc8 18. Nc4 Bxf3 19. Qxf3 d5 20. Nb6 Nxb6 21. Rxb6 g5
22. Rab1 f4 23. exf4 cxd4 24. cxd4 Rf6 25. Qe3 gxf4 26. Bxf4 Rxf4 27. Qxf4 Qc3
28. Bg6 Qxd4 29. Qxd4 Bxd4 30. Rb8 Rxb8 31. Rxb8 Kg7 1-0

[Event "ENCI Limburg-open A"]
[Site "Maastricht"]
[Date "2008.05.12"]
[Round "6"]
[White "Merx, Bob"]
[Black "Braeken, Barry"]
[Result "0-1"]
[WhiteElo "2106"]
[BlackElo "1916"]
[PlyCount "32"]
[EventDate "2008.05.09"]
[EventType "swiss"]
[EventRounds "7"]
[EventCountry "NED"]
[Source "P.Boonen"]
[SourceDate "2010.01.01"]

1. e4 e5 2. f4 exf4 3. Nf3 g5 4. h4 g4 5. Ne5 Nf6 6. Bc4 d5 7. exd5 Bd6 8. d4
Nh5 9. Bb5+ Kf8 10. O-O Ng3 11. Rxf4 Qxh4 12. Nc3 f6 13. Qd2 Kg7 14. Nd3 h5 15.
Ne4 Bxf4 16. Qxf4 Ne2+ 0-1

[Event "ENCI Limburg-open A"]
[Site "Maastricht"]
[Date "2008.05.12"]
[Round "6"]
[White "Michalczak, Thomas"]
[Black "Lenhardt, Manfred"]
[Result "1-0"]
[WhiteElo "2329"]
[BlackElo "2156"]
[PlyCount "41"]
[EventDate "2008.05.09"]
[EventType "swiss"]
[EventRounds "7"]
[EventCountry "NED"]
[Source "P.Boonen"]
[SourceDate "2010.01.01"]

1. e4 g6 2. d4 Bg7 3. Nc3 c6 4. Nf3 d5 5. h3 Nh6 6. Bf4 f6 7. exd5 cxd5 8. Nb5
Na6 9. c4 O-O 10. cxd5 Qxd5 11. Nc3 Qa5 12. Bc4+ Nf7 13. O-O Bd7 14. Re1 b5 15.
Rxe7 bxc4 16. Rxd7 Qf5 17. Qa4 Nb4 18. Bg3 a5 19. Re1 Nd3 20. Ree7 Nxb2 21. Qc6
1-0

[Event "ENCI Limburg-open A"]
[Site "Maastricht"]
[Date "2008.05.12"]
[Round "6"]
[White "Michielsen, Joost"]
[Black "Dgebuadze, Alexandre"]
[Result "0-1"]
[WhiteElo "2326"]
[BlackElo "2528"]
[PlyCount "52"]
[EventDate "2008.05.09"]
[EventType "swiss"]
[EventRounds "7"]
[EventCountry "NED"]
[Source "P.Boonen"]
[SourceDate "2010.01.01"]

1. e4 e6 2. d4 d5 3. Nc3 Bb4 4. e5 Ne7 5. a3 Bxc3+ 6. bxc3 c5 7. Qg4 O-O 8. Bd3
Nbc6 9. Bg5 Qa5 10. Ne2 Ng6 11. O-O Qa4 12. f4 c4 13. Bxg6 fxg6 14. Ra2 Bd7 15.
h4 b5 16. Rf3 h5 17. Qh3 Qa6 18. g4 b4 19. cxb4 c3 20. Qg2 Nxb4 21. gxh5 Nxa2
22. Rg3 Rab8 23. Bf6 Rb1+ 24. Kf2 Be8 25. h6 Nc1 26. Nxc3 Qc4 0-1

[Event "ENCI Limburg-open A"]
[Site "Maastricht"]
[Date "2008.05.12"]
[Round "6"]
[White "Mol, Christiaan"]
[Black "Van Onzen, Jeroen"]
[Result "1/2-1/2"]
[WhiteElo "2007"]
[BlackElo "2142"]
[PlyCount "45"]
[EventDate "2008.05.09"]
[EventType "swiss"]
[EventRounds "7"]
[EventCountry "NED"]
[Source "P.Boonen"]
[SourceDate "2010.01.01"]

1. d4 Nf6 2. c4 g6 3. Nc3 Bg7 4. e4 d6 5. Be2 O-O 6. Bg5 h6 7. Be3 e5 8. d5 a5
9. Qd2 Kh7 10. O-O-O b6 11. h3 Na6 12. g4 Nc5 13. Bd3 Nxd3+ 14. Qxd3 Nd7 15.
Nge2 Nc5 16. Qc2 Qe8 17. Nb5 Na6 18. Nec3 Bd7 19. Rdg1 Rc8 20. h4 Qe7 21. h5 g5
22. f3 Kg8 23. Rd1 1/2-1/2

[Event "ENCI Limburg-open A"]
[Site "Maastricht"]
[Date "2008.05.12"]
[Round "6"]
[White "Morren, Eric Jan"]
[Black "Tempelman, Kristianne"]
[Result "1-0"]
[WhiteElo "1804"]
[BlackElo "1896"]
[PlyCount "89"]
[EventDate "2008.05.09"]
[EventType "swiss"]
[EventRounds "7"]
[EventCountry "NED"]
[Source "P.Boonen"]
[SourceDate "2010.01.01"]

1. c4 c5 2. g3 Nc6 3. Bg2 g6 4. Nc3 Bg7 5. d3 e6 6. e4 Nge7 7. Nge2 O-O 8. O-O
d6 9. f4 Rb8 10. Be3 Nd4 11. g4 f5 12. Ng3 a6 13. gxf5 exf5 14. Rc1 b5 15. b3
Be6 16. Nd5 Nec6 17. Rf2 bxc4 18. dxc4 fxe4 19. Bxe4 Qh4 20. Qd2 Bf5 21. Bg2 a5
22. Nc3 Nb4 23. Nce2 Nxe2+ 24. Rxe2 Bg4 25. Rf2 Qe7 26. Bf3 Bxf3 27. Rxf3 Rf7
28. Re1 Qd7 29. Ne4 Rd8 30. Nc3 Nc6 31. Nd5 Nd4 32. Rff1 Qg4+ 33. Qg2 Qxg2+ 34.
Kxg2 Nf5 35. Bd2 a4 36. bxa4 Ra7 37. a5 Rb8 38. Rb1 Rab7 39. Rb6 Rxb6 40. axb6
Nd4 41. a4 Nc6 42. Rb1 Re8 43. Re1 Ra8 44. Ne7+ Nxe7 45. Rxe7 1-0

[Event "ENCI Limburg-open A"]
[Site "Maastricht"]
[Date "2008.05.12"]
[Round "6"]
[White "Nabuurs, Joep"]
[Black "Nabuurs, Mart"]
[Result "1/2-1/2"]
[WhiteElo "2205"]
[BlackElo "2093"]
[PlyCount "25"]
[EventDate "2008.05.09"]
[EventType "swiss"]
[EventRounds "7"]
[EventCountry "NED"]
[Source "P.Boonen"]
[SourceDate "2010.01.01"]

1. Nc3 c5 2. e4 Nc6 3. Nge2 e5 4. d3 d6 5. Nd5 g6 6. h4 h5 7. Bg5 f6 8. Bd2 Bg7
9. c3 Nge7 10. a3 Be6 11. c4 Nd4 12. Nxd4 cxd4 13. Be2 1/2-1/2

[Event "ENCI Limburg-open A"]
[Site "Maastricht"]
[Date "2008.05.12"]
[Round "6"]
[White "Nijboer, Friso"]
[Black "Lammens, Tim"]
[Result "1-0"]
[WhiteElo "2558"]
[BlackElo "2294"]
[PlyCount "117"]
[EventDate "2008.05.09"]
[EventType "swiss"]
[EventRounds "7"]
[EventCountry "NED"]
[Source "P.Boonen"]
[SourceDate "2010.01.01"]

1. e4 c5 2. Nf3 d6 3. d4 cxd4 4. Nxd4 Nf6 5. Nc3 g6 6. Be3 Bg7 7. f3 Nc6 8. Qd2
O-O 9. Bc4 Nd7 10. O-O-O Nb6 11. Bb3 Na5 12. g4 Nbc4 13. Qd3 Nxb3+ 14. cxb3
Nxe3 15. Qxe3 Bd7 16. Kb1 a6 17. h4 b5 18. h5 b4 19. Nd5 a5 20. Qg5 Re8 21.
hxg6 hxg6 22. Nf5 Bxf5 23. gxf5 e6 24. Qxd8 Raxd8 25. fxe6 fxe6 26. Nb6 d5 27.
exd5 Rd6 28. Nc4 Rxd5 29. Rdg1 Kf7 30. Rg4 Rh8 31. Rhg1 Bd4 32. R1g3 Rh1+ 33.
Kc2 Rh2+ 34. Rg2 Rxg2+ 35. Rxg2 Kf6 36. a4 Rf5 37. Kd3 e5 38. Rg3 Bf2 39. Rh3
Rh5 40. Rxh5 gxh5 41. Nxa5 h4 42. Ke2 Bd4 43. Nc6 h3 44. Kf1 Bc5 45. a5 Kf5 46.
a6 Kf4 47. a7 Bxa7 48. Nxa7 Kxf3 49. Kg1 e4 50. Nc6 e3 51. Nxb4 e2 52. Nc2 Ke4
53. Ne1 Ke3 54. b4 Kd2 55. Kf2 h2 56. Nf3+ Kd3 57. Nxh2 Kc4 58. Nf3 Kxb4 59.
Nd2 1-0

[Event "ENCI Limburg-open A"]
[Site "Maastricht"]
[Date "2008.05.12"]
[Round "6"]
[White "Noiroux, Kevin"]
[Black "Clemens, Adrian HP"]
[Result "1-0"]
[WhiteElo "2134"]
[BlackElo "2326"]
[PlyCount "77"]
[EventDate "2008.05.09"]
[EventType "swiss"]
[EventRounds "7"]
[EventCountry "NED"]
[Source "P.Boonen"]
[SourceDate "2010.01.01"]

1. d4 Nf6 2. c4 c5 3. Nf3 cxd4 4. Nxd4 e6 5. g3 Qc7 6. b3 Bb4+ 7. Bd2 Be7 8.
Bg2 Nc6 9. Nb5 Qb8 10. Bf4 Bb4+ 11. N5c3 Ne5 12. a3 Be7 13. O-O d6 14. e4 O-O
15. Qe2 Bd7 16. h3 Rc8 17. g4 Be8 18. Be3 a6 19. a4 Bc6 20. Rc1 b6 21. Nd2 Nfd7
22. h4 Nc5 23. b4 Ncd7 24. f4 Ng6 25. h5 Ngf8 26. Nd5 exd5 27. exd5 Bb7 28. g5
Re8 29. Ne4 f5 30. Qb2 fxe4 31. Bh3 Qd8 32. Bd4 Bxg5 33. fxg5 Qxg5+ 34. Kh1 Ne5
35. Rg1 Qxh5 36. Rg3 Nfg6 37. Rag1 b5 38. Qh2 Kh8 39. Rg5 1-0